Sports Quiz

Random Sports or MLB Quiz

MLB Name One Player Who... Quiz Stats

 Plays Quiz Updated Apr 25, 2018

Challenge
Share
Tweet
Embed
Score 0/26 Timer 08:00
16 Plays Today
Description Player Name % Correct
hit more than 600 home runs in his career (9)Hank Aaron, Barry Bonds,...
99%
had at least 3000 hits in his career (32)Aaron, Biggio,...
94.9%
had 60 or more home runs in a season (5)Barry Bonds, Mark McGwire,...
94.3%
stole more than 600 bases in his career (18)Lou Brock, Bert Campaneris,...
91.1%
had at least 230 hits in a season (33)Matty Alou, Earl Averill,...
89.3%
walked at least 140 times in a season (14)Jeff Bagwell, Barry Bonds,...
87.3%
had at least 150 RBI in a season (23)Albert Belle, Tommy Davis,...
86.9%
stole more than 75 bases in a season (21)Bob Bescher, Lou Brock,...
86%
struck out at least 3000 batters in his career (16)Bert Blyleven, Roger Clemens,...
83.8%
was caught stealing 30 or more times in a season (16)Lou Brock, George Burns,…
79.2%
saved at least 400 games in his career (6)John Franco, Trevor Hoffman,…
78.3%
struck out at least 300 batters in a season (17)Vida Blue, Steve Carlton,…
78.2%
started more than 600 games (as a pitcher) in his career (22)Grover Cleveland Alexander,...
77.1%
Description Player Name % Correct
stole 5 or more bases in one game (19)Bert Campaneris, Alex Cole,...
76.7%
walked at least 1500 batters in his career (12)Steve Carlton, Roger Clemens,…
76.6%
struck out 20 (or more) batters in a game (5)Tom Cheney, Roger Clemens,...
74.3%
allowed more than 150 HBP in his career (19)Bert Blyleven, Jim Bunning,...
69.7%
won at least 30 games in a season (13)Grover Cleveland Alexander,...
69.7%
pitched in more than 1000 games in his career (15)Goose Gossage, Roberto Hernandez,…
66.8%
hit 4 home runs in a game (18)Joe Adcock, Mike Cameron,...
66.3%
gave up more than 400 home runs in his career (12)Bert Blyleven, Steve Carlton,...
65%
had a season WHIP under 0.900 (22)Babe Adams, Grover Cleveland Alexander,...
64.3%
picked off more than 50 baserunners in his pitching career (26)Brian Anderson, Mark Buehrle,...
60%
had more than 20 triples in a season (30)Cobb, Cuyler,...
59.4%
had 10 or more RBI in a game (13)Garret Anderson, Jim Bottomley,...
43.7%
played for at least 10 franchises in his career (22)Paul Bako, Ken Brett,...
43.2%

You're not logged in!

Compare scores with friends on all Sporcle quizzes.
OR
Log In

You Might Also Like...

Show Comments

Extras

Top Quizzes Today


Score Distribution

Your Account Isn't Verified!

In order to create a playlist on Sporcle, you need to verify the email address you used during registration. Go to your Sporcle Settings to finish the process.

Report this User

Report this user for behavior that violates our Community Guidelines.

Details: